|
|
|
|
| LEADER |
00000nam2a2200000 4500 |
| 001 |
40487 |
| 005 |
20231031012803.0 |
| 010 |
|
|
|a 5020025739
|
| 035 |
|
|
|a (RuTPU)RU\TPU\book\41543
|
| 090 |
|
|
|a 40487
|
| 100 |
|
|
|a 20020517d2001 k y0rusy50 ca
|
| 101 |
0 |
|
|a rus
|
| 102 |
|
|
|a RU
|
| 105 |
|
|
|a a az 001zy
|
| 200 |
0 |
|
|a Т.2: Нелинейное развитие плазменных неустойчивостей конвективного типа
|
| 210 |
|
|
|d 2001
|
| 215 |
|
|
|a 414 с.
|c ил.
|
| 320 |
|
|
|a Библиогр. науч. трудов Л. С. Соловьева: с. 406-411.
|
| 461 |
|
1 |
|0 (RuTPU)RU\TPU\book\42043
|y 5-02-002572-0
|t Собрание трудов в двух томах
|f Л. С. Соловьев
|v Т. 2: Нелинейное развитие плазменных неустойчивостей конвективного типа
|d 2001-
|
| 610 |
1 |
|
|a физика
|
| 610 |
1 |
|
|a релятивистская газодинамика
|
| 610 |
1 |
|
|a газодинамическая неустойчивость
|
| 610 |
1 |
|
|a газодинамическая устойчивость
|
| 610 |
1 |
|
|a МГД-неустойчивость
|
| 610 |
1 |
|
|a конвективная неустойчивость
|
| 610 |
1 |
|
|a вихри
|
| 610 |
1 |
|
|a токовый канал
|
| 610 |
1 |
|
|a электромагнитный коллапс
|
| 610 |
1 |
|
|a солнечные пятна
|
| 610 |
1 |
|
|a гравитационное поле
|
| 610 |
1 |
|
|a плазмоиды
|
| 610 |
1 |
|
|a Солнце
|
| 610 |
1 |
|
|a магнитные звезды
|
| 675 |
|
|
|a 533.9
|v 3
|
| 801 |
|
1 |
|a RU
|b 63413507
|c 20020517
|g PSBO
|
| 801 |
|
2 |
|a RU
|b 63413507
|c 20020603
|g PSBO
|
| 942 |
|
|
|c BK
|